El hombre que amaba a los perros /
Guardado en:
| Autor Principal: | |
|---|---|
| Formato: | Libro |
| Idioma: | Spanish |
| Publicado: |
Buenos Aires :
Tusquets,
2010.
|
| Edición: | 1a. ed. argentina. |
| Series: | Colección Andanzas ;
700 |
| Materias: | |
| Etiquetas: |
Agregar Etiqueta
Sin Etiquetas, Sea el primero en etiquetar este registro!
|
| LEADER | 00764nam a22002415a 4500 | ||
|---|---|---|---|
| 001 | EUN.eunm007142 | ||
| 005 | 20180219074856.0 | ||
| 008 | 171102s2010####ag############000#1#spa#d | ||
| 020 | |a 9789871544493 | ||
| 082 | 0 | 4 | |a Cu863.4 |2 15 |
| 100 | 1 | |a Padura, Leonardo. | |
| 245 | 1 | 3 | |a El hombre que amaba a los perros / |c Leonardo Padura. |
| 250 | |a 1a. ed. argentina. | ||
| 260 | |a Buenos Aires : |b Tusquets, |c 2010. | ||
| 300 | |a 573 p. ; |c 23 cm. | ||
| 490 | 1 | |a Colección Andanzas ; |v 700 | |
| 500 | |a Reimpreso en 2015 (como 4a. reimpr. argentina). | ||
| 650 | 7 | |a Literatura. |2 unbist | |
| 650 | 7 | |a Siglo XXI. |2 unbist | |
| 651 | 7 | |a Cuba. |2 unbist | |
| 653 | |a Novela | ||
| 830 | 0 | |a Colección Andanzas ; |v 700 | |
| 859 | |a AR-BaUNS |b BIB. CENTRAL - Sector A |h Cu863.4 |i P136 |p 126318/017 | ||
